| 000 | 00771nam a2200229 a 4500 | ||
|---|---|---|---|
| 001 | BRCA_3750 | ||
| 005 | 20190320204418.0 | ||
| 008 | 201009s1995----nyua---###---#000-0#eng-# | ||
| 020 | _a0962109657 | ||
| 041 | _aeng | ||
| 044 | _anyu | ||
| 050 | 4 |
_aTR395 _b.K73 1995 |
|
| 100 | 1 |
_aKraus, Hans P. _cJr. _99775 |
|
| 245 | 1 | 0 |
_aSun Pictures _bCatalogue Seven _cHans P. Kraus ; photogenic drawings by William Henry Fox Talbot ; text by Larry J. Schaaf. |
| 260 |
_aNew York _bHans P. Kraus, Jr., Inc. _cc1995 |
||
| 300 |
_a50 p. _bil. (algunas a color) _c28 cm. |
||
| 504 | _aIncluye referencias bibliográficas | ||
| 650 | 1 | 4 |
_aCalotipo _vCatálogos _99776 |
| 700 | 1 |
_aTalbot, William Henry Fox _d1800-1877 _99777 |
|
| 700 | 1 |
_aSchaaf, Larry J. _d1947- _99778 |
|
| 942 |
_2lcc _cB |
||
| 999 |
_c3479 _d3479 |
||